Procès des templiers / (Record no. 159581)

MARC details
000 -LEADER
campo de control de longitud fija 00870nam a22002295i 4500
001 - NÚMERO DE CONTROL
campo de control 159581
003 - IDENTIFICADOR DE NÚMERO DE CONTROL
campo de control ES-MaACL
005 - FECHA Y HORA DE LA ÚLTIMA TRANSACCIÓN
campo de control 20250821063057.0
008 - DATOS DE LONGITUD FIJA--INFORMACIÓN GENERAL
campo de control de longitud fija 990623m18411851fr |||| | fre d
040 ## - FUENTE DE CATALOGACIÓN
Centro catalogador/agencia de origen CCPB | B
Lengua de catalogación spa
Centro/agencia transcriptor CCPB | B
100 1# - ENTRADA PRINCIPAL--NOMBRE DE PERSONA
Nombre de persona Michelet, Jules,
Fechas asociadas al nombre 1798-1874
9 (RLIN) 80919
245 10 - MENCIÓN DEL TÍTULO
Título Procès des templiers /
Mención de responsabilidad, etc. publié par M. Michelet.
260 ## - PUBLICACIÓN, DISTRIBUCIÓN, ETC.
Lugar de publicación, distribución, etc. Paris :
Nombre del editor, distribuidor, etc. [s.n.],
Fecha de publicación, distribución, etc. 1841-1851 (
Fabricante Imprimerie Royale)
300 ## - DESCRIPCIÓN FÍSICA
Extensión 2 v. ;
Dimensiones 27 cm.
490 1# - MENCIÓN DE SERIE
Mención de serie Collection de documents inédites sur l´histoire de France. Première série : Histoire politique
596 ## - NOTA AL PIE DE IMPRENTA
NOTA AL PIE DE IMPRENTA Marca de imp. en port.
597 ## - NOTA DE DESCRIPCIÓN FÍSICA
NOTA DE DESCRIPCIÓN FÍSICA Antep.
610 24 - PUNTO DE ACCESO ADICIONAL DE MATERIA--NOMBRE DE ENTIDAD CORPORATIVA
Nombre de entidad corporativa o nombre de jurisdicción como elemento de entrada Orden del Temple.
9 (RLIN) 6041
830 0# - PUNTO DE ACCESO ADICIONAL DE SERIE-TÍTULO UNIFORME
Título uniforme Collection de documents inédites sur l´histoire de France. Première série : Histoire politique
9 (RLIN) 221952
852 ## - LOCALIZACIÓN
Ubicación ES-MaACL
Número de control de estantería G-5993-94
Nota libre -- Rúst.
Holdings
Estatus retirado Estado de pérdida Estado de daño No para préstamo Colección Biblioteca de origen Biblioteca actual Ubicación en estantería Fecha de adquisición Total de préstamos Signatura topográfica completa Código de barras Visto por última vez Precio de reemplazo Tipo de ítem Koha
        Libros del s. XIX Biblioteca del Ateneo de Madrid Biblioteca del Ateneo de Madrid Depósito 2 17/01/2008   G-5993-94 1167061 23/02/2023 23/02/2023 Libro impreso antiguo